000 00301nam a2200133Ia 4500
100 _aStanton/William J & others
942 _cBK
654 _aMARKETING
245 _aFundamentals of Marketing
260 _bMc Graw Hill
_aNew Delhi
_c1994
082 _a658.8
_bPAN
546 _aENGLISH
999 _c25120
_d25120